1964 year quiz - Statistics

General Stats
  • This quiz has been taken 58 times
  • The average score is 6 of 10
Answer Stats
Hint Answer % Correct
33 people tunnel under this European barrier The Berlin Wall
88%
The US government admits for first time this activity may be bad for health Smoking
86%
Italy seeks help to stop this falling over Leaning tower of Pisa
82%
This man is ousted in Moscow Nikita Khrushchev
80%
India backs out of a promised referendum in this region Kashmir
68%
Revolution in this island leads to its merger with Tanganyika Zanzibar
68%
21 people die in clashes with US troops at this waterway The Panama Canal
56%
This man is imprisoned on an island after a controversial 'treason' trial Nelson Mandela
48%
A disputed incident in this body of water escalates US involvement in Vietnam The Gulf of Tonkin
48%
This man deposes his brother to become Saudi king King Faisal
22%
No matching quizzes found
Score Distribution
Percent of People with Each Score
Percentile by Number Answered
Your Score History
You have not taken this quiz